| 000 | 00900nam a2200193 i 4500 | ||
|---|---|---|---|
| 001 | 161126 | ||
| 003 | ES-MaACL | ||
| 005 | 20250822063217.0 | ||
| 008 | 990701s1845 sp |||| | spa d | ||
| 100 | 1 |
_aOrtolan, Joseph Louis Elzéar, _d1802-1873 _9130724 |
|
| 245 | 1 | 0 |
_aCurso de legislación penal comparada _b: lecciones pronunciadas en la Facultad de Derecho de París / _cpor M. Ortolán. De la pena de muerte en los partidos políticos / por F. Guizot. |
| 260 |
_aMadrid : _b[s.n.], _c1845 ( _fImp. de la Sociedad Literaria y Tipográfica) |
||
| 300 |
_a221, 91 p. ; _c23 cm. |
||
| 490 | 1 | _aBiblioteca de jurisprudencia y legislación | |
| 650 | 0 | 7 |
_aDerecho penal _2embne _911749 |
| 830 | 0 |
_aBiblioteca de jurisprudencia y legislación _9187709 |
|
| 852 |
_aES-MaACL _jC-3230 _z- Enc. hol. _q- Contiene únicamente las 221 p. de las lecciones de Ortolan |
||
| 999 |
_c161126 _d161126 |
||